[Event "Iceland Championship"]
[Site "Hafnarfjordur, Iceland"]
[Date "2001.09.04"]
[Round "5"]
[White "Bjornsson, Sigurbjorn"]
[Black "Kristjansson, Stefan"]
[Result "1-0"]
[ICCResult "Black resigns"]
[WhiteElo "2297"]
[BlackElo "2380"]
[Time "12:07:56"]
[TimeControl "7200+0"]

1. e4 e6 2. d4 d5 3. Nc3 Bb4 4. e5 Ne7 5. a3 Bxc3+ 6. bxc3 c5 7. Nf3 b6 8.
Bb5+ Bd7 9. Bd3 h6 10. O-O Qc7 11. a4 Nbc6 12. Ba3 Na5 13. Nd2 O-O 14. dxc5
bxc5 15. Nb3 Nxb3 16. cxb3 f6 17. f4 Rac8 18. Qe2 fxe5 19. fxe5 Qb6 20. Bc2
c4+ 21. Kh1 cxb3 22. Bxe7 Rxf1+ 23. Rxf1 bxc2 24. Qxc2 Qe3 25. Qg6 Qe4 26.
Qf7+ Kh7 27. Bf6 Qg6 28. Qxd7 Rxc3 29. Qxa7 Rc2 30. Rg1 Kh8 31. Be7 Kg8 32.
Qe3 Qg4 33. a5 Ra2 34. h3 Qc4 35. Qb6 d4 36. Qc5 Qd3 37. Qc6 Rxa5 38. Qxe6+
Kh7 39. Bd6 Qe4 40. Qg4 Qd5 41. Qf5+ Kg8 42. Rc1 {Black resigns} 1-0

[Event "Iceland Championship"]
[Site "Hafnarfjordur, Iceland"]
[Date "2001.09.04"]
[Round "5"]
[White "Gunnarsson, Arnar"]
[Black "Thorhallsson, Throstur"]
[Result "1/2-1/2"]
[ICCResult "Game drawn by mutual agreement"]
[WhiteElo "2263"]
[BlackElo "2456"]
[Time "12:06:45"]
[TimeControl "7200+0"]

1. e4 e6 2. d4 d5 3. exd5 exd5 4. Bd3 Bd6 5. Ne2 Nf6 6. O-O O-O 7. Bf4 Bg4
8. f3 Bh5 9. Qd2 Bg6 10. Nbc3 c6 11. Rfe1 Bxd3 12. Qxd3 Bxf4 13. Nxf4 Qd6
14. Qd2 Nbd7 15. Re2 Rfe8 16. Rae1 Rxe2 17. Rxe2 Re8 18. Nd3 Kf8
{Game drawn by mutual agreement}
1/2-1/2

[Event "Iceland Championship"]
[Site "Hafnarfjordur, Iceland"]
[Date "2001.09.04"]
[Round "5"]
[White "Vidarsson, Jon"]
[Black "Ptacnikova, Lenka"]
[Result "1-0"]
[ICCResult "Black resigns"]
[WhiteElo "2359"]
[BlackElo "2272"]
[Time "12:06:00"]
[TimeControl "7200+0"]

1. e4 c5 2. Nf3 Nc6 3. Bb5 g6 4. Bxc6 bxc6 5. O-O Bg7 6. Re1 f6 7. a3 a5 8.
d3 Nh6 9. Be3 d6 10. d4 cxd4 11. Nxd4 Bd7 12. Qd3 Nf7 13. a4 O-O 14. Na3 f5
15. exf5 gxf5 16. Nxf5 Bxf5 17. Qxf5 Bxb2 18. Qg4+ Bg7 19. Rab1 Ne5 20. Qe6+
Kh8 21. Rb7 Bf6 22. f4 Ng6 23. g3 Rb8 24. Reb1 Rxb7 25. Rxb7 Qa8 26. Qb3 e5
27. f5 Nf4 28. gxf4 exf4 29. Bf2 Qc8 30. Rf7 Rg8+ 31. Kf1 Qxf5 32. Bd4
{Black resigns}
1-0

[Event "Iceland Championship"]
[Site "Hafnarfjordur, Iceland"]
[Date "2001.09.04"]
[Round "5"]
[White "Stefansson, Hannes"]
[Black "Thorfinnsson, Bragi"]
[Result "1-0"]
[ICCResult "Black resigns"]
[WhiteElo "2586"]
[BlackElo "2371"]
[Time "12:05:08"]
[TimeControl "7200+0"]

1. c4 c5 2. Nf3 b6 3. g3 Bb7 4. Bg2 Nf6 5. Nc3 e6 6. O-O Be7 7. Re1 O-O 8.
e4 d6 9. d4 cxd4 10. Nxd4 Qc8 11. Be3 Nbd7 12. f4 Rd8 13. Rc1 Bf8 14. Bf2 a6
15. b3 Ra7 16. f5 e5 17. Nc2 g6 18. Ne3 Ba8 19. g4 Bh6 20. h4 Bf4 21. g5
Bxe3 22. Bxe3 Ne8 23. Nd5 Bxd5 24. cxd5 Rc7 25. Qe2 Qb7 26. h5 Rxc1 27. Rxc1
Rc8 28. Rf1 Ng7 29. fxg6 fxg6 30. h6 Nh5 31. Bh3 Ng3 32. Qf3 Nxf1 33. Be6+
Kh8 34. Qf7 {Black resigns} 1-0

[Event "Iceland Championship"]
[Site "Hafnarfjordur, Iceland"]
[Date "2001.09.04"]
[Round "5"]
[White "Thorfinnsson, Bjorn"]
[Black "Gunnarsson, Jon"]
[Result "1/2-1/2"]
[WhiteElo "2220"]
[BlackElo "2404"]
[Time "12:07:24"]
[TimeControl "7200+0"]

1. d4 Nf6 2. Bg5 g6 3. e3 Bg7 4. Nd2 d6 5. Bd3 c5 6. c3 Nc6 7. h4 h5 8. Ngf3
O-O 9. Nh2 cxd4 10. cxd4 e5 11. d5 Nb4 12. Be4 Qb6 13. Bxf6 Bxf6 14. g4 Bxh4
15. Qe2 hxg4 16. a3 Na6 17. Nxg4 Bg5 18. Qf3 Kg7 19. Bxg6 fxg6 20. Qh3 Rg8
21. Ne4 Bxg4 22. Qxg4 Be7 23. Ng5 Bxg5 24. Qd7+ Kf8 25. Rh7 Qa5+ 26. b4 Qxd5
27. Rd1 Rd8 28. Rxd5 Rxd7 29. Rxd7 Rg7 30. R5xd6 Nb8 31. Rd8+ Bxd8 32. Rxd8+
Ke7 33. Rxb8 Kd6 34. Kf1 g5 35. Kg2 b6 36. e4 g4 37. Kg3 Rf7 38. Rd8+ Kc6
39. Rd5 Rf3+ 40. Kxg4 Rf4+ 41. Kg3 Rxe4 42. Rd3 Kb5 43. Kf3 Rf4+ 44. Ke3 Ka4
45. f3 Rh4 46. Rd5 Rh1 47. Rxe5 Ra1 48. b5 Rxa3+ 49. Ke4 Rb3 50. f4 Rb4+ 51.
Kf5 Rxb5 52. Ke6 Rc5 53. Rxc5 bxc5 54. Kd5 Kb5 55. f5 c4 56. Kd4 c3 57. Kxc3
Kc5 {Game drawn} 1/2-1/2

[Event "Iceland Championship"]
[Site "Hafnarfjordur, Iceland"]
[Date "2001.09.05"]
[Round "6"]
[White "Ptacnikova, Lenka"]
[Black "Thorhallsson, Throstur"]
[Result "1/2-1/2"]
[ICCResult "Game drawn by mutual agreement"]
[WhiteElo "2272"]
[BlackElo "2456"]
[Time "12:02:43"]
[TimeControl "7200+0"]

1. e4 c5 2. Nf3 Nc6 3. d4 cxd4 4. Nxd4 Nf6 5. Nc3 Qb6 6. Nb3 d6 7. Be2 e6 8.
O-O a6 9. a4 Qc7 10. a5 Be7 11. Be3 O-O 12. f3 Nb4 13. Bb6 Qb8 14. Ra4 d5
15. Nc5 Nd7 16. Nxd7 Bxd7 17. Ra1 Bc6 18. exd5 Nxd5 19. Nxd5 Bxd5 20. c4 Bc6
21. Qe1 Qe5 22. Rb1 Bd6 23. g3 Bc5 24. Bxc5 Qxc5+ 25. Kg2 Rfd8
26. b4 Qe3 27. Rb2 e5 28. Qc1 Qa3  29. Qa1 Qe3 30. Qc1 Qa7 31. Qc3 e4 32. Rd2 Re8 33. c5
Qb8 34. fxe4 Rxe4 35. Bf3 Qe8 36. Kg1 Re6 37. Bxc6 Qxc6 38. Rfd1 Qc7 39. Qf3
Re7 {Game drawn by mutual agreement} 1/2-1/2

[Event "Iceland Championship"]
[Site "Hafnarfjordur, Iceland"]
[Date "2001.09.05"]
[Round "6"]
[White "Gunnarsson, Jon"]
[Black "Bjornsson, Sigurbjorn"]
[Result "0-1"]
[ICCResult "White resigns"]
[WhiteElo "2404"]
[BlackElo "2297"]
[Time "12:02:13"]
[TimeControl "7200+0"]

1. e4 c5 2. Nf3 d6 3. d4 cxd4 4. Nxd4 Nf6 5. Nc3 a6 6. f3 e6 7. Be3 b5 8.
Qd2 Nbd7 9. O-O-O Bb7 10. g4 h6 11. h4 b4 12. Na4 Qa5 13. b3 Nc5 14. a3 Nxa4
15. axb4 Qc7 16. bxa4 d5 17. e5 Nd7 18. f4 Nb6 19. f5 Nxa4 20. fxe6 Nc3 21.
exf7+ Kxf7 22. e6+ Kg8 23. Bd3 Bxb4 24. Qh2 Na2+ 25. Kb1 Qa5 26. Qf4 Nc3+
27. Kc1 Ne2+ 28. Kb1 Nxf4 29. Bxf4 Bc3 30. Nb3 Qb4 31. Rhf1 Rf8 32. Bc1 a5
33. Ka2 a4 34. Rxf8+ Qxf8 35. Nd2 Qe7 36. Nb1 d4 37. Nxc3 Qxe6+ 38. Ka1 dxc3
39. Bf5 Qb6 40. h5 Kf7 41. Bg6+ Kf6 42. Rf1+ Ke7 43. Ba3+ Kd8 {White
resigns} 0-1

[Event "Iceland Championship"]
[Site "Hafnarfjordur, Iceland"]
[Date "2001.09.05"]
[Round "6"]
[White "Thorfinnsson, Bragi"]
[Black "Gunnarsson, Arnar"]
[Result "1-0"]
[ICCResult "Black resigns"]
[WhiteElo "2371"]
[BlackElo "2263"]
[Time "12:01:09"]
[TimeControl "7200+0"]

1. d4 d5 2. Nf3 Nf6 3. c4 dxc4 4. Nc3 c5 5. d5 e6 6. e4 Be7 7. d6 Bf8 8.
Bxc4 a6 9. a4 Nc6 10. e5 Nd7 11. Bf4 Qa5 12. O-O h6 13. Re1 g5 14. Nd5 gxf4
15. Nc7+ Kd8 16. Bxe6 Ndxe5 17. Nxe5 Nxe5 18. Rxe5 Bxe6 19. Nxa8 Bg7 20. Re1
Bd4 21. Nc7 Bd7 22. Nd5 Rg8 23. b4 Bh3 24. g3 fxg3 25. hxg3 Bxf2+ 26. Kxf2
cxb4 27. Qd4 Be6 28. Nf4 b3 29. Nxe6+ fxe6 30. Qf6+ {Black resigns} 1-0

[Event "Iceland Championship"]
[Site "Hafnarfjordur, Iceland"]
[Date "2001.09.05"]
[Round "6"]
[White "Kristjansson, Stefan"]
[Black "Stefansson, Hannes"]
[Result "1/2-1/2"]
[ICCResult "Game drawn by mutual agreement"]
[WhiteElo "2380"]
[BlackElo "2586"]
[Time "12:01:43"]
[TimeControl "7200+0"]

1. d4 Nf6 2. c4 e6 3. Nf3 b6 4. g3 Ba6 5. Qa4 Bb7 6. Bg2 c5 7. dxc5 bxc5 8.
O-O Be7 9. Nc3 O-O 10. Re1 d5 11. Qb3 Qb6 12. Ne5 Rd8 13. Bf4 Nbd7 14. cxd5
Nxe5 15. d6 Bxd6 16. Bxb7 Rab8 17. Qxb6 axb6 18. Red1 Nc4 19. Bxd6 Nxd6 20.
Bc6 Kf8 21. b3 Ke7 22. e3 Nd7 23. Bxd7 Rxd7 24. Kf1 b5 25. Rd2 Rc7 26. Rad1
Rc6 27. Rc1 Rbc8 28. Rdc2 c4 29. Nd1 Ne4 30. Ke2 f5 31. bxc4 bxc4 32. Rb1 g5
33. f3 Nd6 34. Nc3 Kf6 35. Rb4 h5 36. a4 g4 37. e4 fxe4 38. Nxe4+ Nxe4 39.
fxe4 Rc5 40. Ke3 Ke5 41. Rc3 R8c7 42. Rc2 c3 43. Rb5 Rxb5 44. axb5 Rc4 45.
Kd3 Rb4 46. Rxc3 Rxb5 47. Ke3 Ra5 48. Rb3 Kf6 49. Rb2 Ra3+ 50. Kd4 e5+ 51.
Kc4 Re3 52. Rb6+ Kg5 53. Kd5 Re2 54. Kxe5 Rxh2 55. Kd4 Rf2
{Game drawn by mutual agreement}
1/2-1/2

[Event "Iceland Championship"]
[Site "Hafnarfjordur, Iceland"]
[Date "2001.09.05"]
[Round "6"]
[White "Vidarsson, Jon"]
[Black "Thorfinnsson, Bjorn"]
[Result "1/2-1/2"]
[ICCResult "Game drawn by mutual agreement"]
[WhiteElo "2359"]
[BlackElo "2220"]
[Time "11:59:45"]
[TimeControl "7200+0"]

1. e4 e5 2. Nf3 Nc6 3. Bb5 a6 4. Ba4 Nf6 5. Qe2 Be7 6. c3 O-O 7. O-O b5 8.
Bb3 d5 9. d3 Re8 10. Bg5 Be6 11. Nbd2 Nh5 12. Bxe7 Nf4 13. Bxd8 Nxe2+ 14.
Kh1 Raxd8 15. g3 b4 16. exd5 Bxd5 17. Bxd5 Rxd5 18. Rfe1 bxc3 19. bxc3 Nxc3
20. Rac1 Rxd3 21. Re3 Rxe3 22. fxe3 Nxa2 23. Rxc6 Nb4 24. Rxc7 Nd5 25. Ra7
Nxe3 26. Nxe5 g5 27. Nxf7 Rc8 28. Nh6+ Kf8 29. Nf3 g4 30. Ng1 Rc6 31. Rf7+
Ke8 32. Rf4 Rxh6 33. Re4+ Kd7 34. Rxe3 Re6 35. Ra3 Kc7 36. Kg2 Kb6 37. h3
gxh3+ 38. Nxh3 a5 39. Nf4 Rd6 40. Kf3 Kb5 41. Ke4 Kb4 42. Rf3 a4 43. Nd5+
Kb5 44. Kd4 Rg6 45. Kc3 Rg5 46. Ne3 Kc5 47. Nf1 Kd6 48. Rf4 Ra5 49. Kb4 Ra7
50. Ka3 Ke6 51. Ne3 h5 52. Ng2 Ra5 53. Rh4 Rg5 54. Nf4+ Kf5 55. Nxh5 Rg4 56.
Rh3 Re4 57. Ng7+ Kg5 58. Rh5+ Kg6 59. Rh4 Rxh4 60. gxh4
{Game drawn by mutual agreement}
1/2-1/2

[Event "Iceland Championship"]
[Site "Hafnarfjordur, Iceland"]
[Date "2001.09.06"]
[Round "7"]
[White "Gunnarsson, Arnar"]
[Black "Kristjansson, Stefan"]
[Result "1/2-1/2"]
[ICCResult "Game drawn by mutual agreement"]
[WhiteElo "2263"]
[BlackElo "2380"]
[Time "12:19:50"]
[TimeControl "7200+0"]

1. d4 Nf6 2. Nf3 e6 3. g3 b6 4. Bg2 Bb7 5. O-O c5 6. c3 Be7 7. Nbd2 O-O 8.
Re1 d5 9. a3 Nbd7 10. b4 a5 11. b5 a4 12. Rb1 Qc7 13. Bb2 c4 14. Qc2 Ra5 15.
Bc1 h6 16. e4 dxe4 17. Ne5 Nxe5 18. dxe5 Ng4 19. Bxe4 Bc5 20. Re2 Rd8 21.
Nxc4 Ra7 22. Bxb7 Qxb7 23. Be3 Nxe3 24. Nxe3 Bxa3 25. Ra1 Bc5 26. Rxa4 Rxa4
27. Qxa4 Qf3 28. Qc2 Bxe3 29. fxe3 Qd5 30. c4 Qxe5 31. Kg2 f5 32. Rd2 Qe4+
33. Kf2 Rxd2+ {Game drawn by mutual agreement} 1/2-1/2

[Event "Iceland Championship"]
[Site "Hafnarfjordur, Iceland"]
[Date "2001.09.07"]
[Round "8"]
[White "Vidarsson, Jon"]
[Black "Stefansson, Hannes"]
[Result "1/2-1/2"]
[ICCResult "Game drawn by mutual agreement"]
[WhiteElo "2359"]
[BlackElo "2586"]
[Time "12:49:41"]
[TimeControl "7200+0"]

1. e4 c5 2. Nf3 e6 3. d3 Nc6 4. g3 g6 5. Bg2 Bg7 6. O-O Nge7 7. Nc3 d5 8.
Bd2 O-O 9. Qc1 d4 10. Ne2 e5 11. Bh6 f6 12. Ne1 Be6 13. Bxg7 Kxg7 14. f4 c4
15. fxe5 Nxe5 16. Nf3 N7c6 17. Nf4 Bf7 18. Nd5 Bxd5 19. exd5 Qxd5 20. Nxe5
Qxe5 21. dxc4 Qc5 22. b3 d3+ 23. Kh1 Rad8 24. cxd3 Rxd3 25. Qf4 Rd4 26. Qf2
b6 27. Rae1 Ne5 28. Re4 Rxe4 29. Bxe4 f5 30. Bd5 Qxf2
{Game drawn by mutual agreement}
1/2-1/2

[Event "Iceland Championship"]
[Site "Hafnarfjordur, Iceland"]
[Date "2001.09.07"]
[Round "8"]
[White "Ptacnikova, Lenka"]
[Black "Thorfinnsson, Bragi"]
[Result "0-1"]
[ICCResult "White resigns"]
[WhiteElo "2272"]
[BlackElo "2371"]
[Time "12:50:16"]
[TimeControl "7200+0"]

1. e4 c5 2. Nc3 Nc6 3. Nf3 d6 4. d4 cxd4 5. Nxd4 Nf6 6. g3 Qb6 7. Nb3 Bg4 8.
f3 Be6 9. Nd5 Bxd5 10. exd5 Nb4 11. c4 Rc8 12. a3 Na6 13. Nd4 g6 14. b4 Bg7
15. Be3 Qd8 16. Rc1 O-O 17. Bh3 Nd7 18. O-O Ra8 19. Re1 Nc7 20. Qd2 Re8 21.
Bh6 Bh8 22. Re4 a5 23. Rce1 axb4 24. axb4 Ra3 25. Kh1 Ne5 26. Bf1 Rxf3 27.
Nxf3 Nxf3 28. Qf2 Nxe1 29. Rxe1 Na6 30. Rb1 Qd7 31. Bd3 Bf6 32. Qe2 Qa4 33.
Bd2 Qa2 34. Rf1 Be5 35. Qf3 Rf8 36. Rf2 Qa1+ 37. Kg2 Qa4 38. Bg5 f6 39. Bh6
Rd8 40. Qg4 Qe8 41. Bd2 Kh8 42. h4 f5 43. Qg5 Bf6 44. Qe3 Qg8 45. h5 Qg7 46.
Rf1 Bd4 47. Qe2 Nc7 48. hxg6 hxg6 49. Bg5 Re8 50. Bc2 e6 51. Qf3 exd5 52.
Rh1+ Kg8 53. cxd5 Qe5 54. Bd3 Ra8 55. Bc4 b5 56. Bb3 Re8 57. Bf4 Qe2+ 58.
Qxe2 Rxe2+ 59. Kh3 Ne8 60. Rb1 Kf7 61. Bd1 Rf2 62. Rb3 Kf6 63. Rd3 Bb6 64.
Rd2 Rf1 65. Rd3 g5 66. Bd2 Kg6 67. Bc2 Nf6 68. Be3 Bxe3 69. Rxe3 Rf2 70.
Bxf5+ Kxf5 71. g4+ Nxg4 72. Re6 Rf3+ 73. Kg2 Rd3 74. Rxd6 Ne3+ 75. Kf2 Rxd5
76. Rc6 Ng4+ 77. Kg3 Ne5 {White resigns} 0-1

[Event "Iceland Championship"]
[Site "Hafnarfjordur, Iceland"]
[Date "2001.09.07"]
[Round "8"]
[White "Gunnarsson, Jon"]
[Black "Gunnarsson, Arnar"]
[Result "1/2-1/2"]
[ICCResult "Game drawn by mutual agreement"]
[WhiteElo "2404"]
[BlackElo "2263"]
[Time "12:51:42"]
[TimeControl "7200+0"]

1. e4 e5 2. Nf3 Nc6 3. Bc4 Nf6 4. d3 Be7 5. c3 O-O 6. Nbd2 d6 7. Bb3 Be6 8.
h3 h6 9. Nf1 d5 10. Qe2 Re8 11. Ng3 b5 12. O-O Bf8 13. Be3 a5 14. Rfd1 a4
15. Bc2 d4 16. cxd4 exd4 17. Bf4 a3 18. bxa3 Bxa3 19. Rab1 b4 20. Bb3 Bxb3
21. axb3 Nd5 22. Qd2 Nc3 23. Nf5 Re6 24. g4 Ra5 25. Kh2 Rc5 26. Rg1 Nxb1 27.
Rxb1 Rc3 28. h4 Na5 29. N3xd4 Rb6 30. Be5 f6 31. Bg3 c5 32. Ne2 Rxd3 33. Qc2
Rd2 34. Qxc5 Rxe2 35. Qxa5 Rd6 36. Qb5 Rdd2 37. Qc4+ Kh7 38. Kh3 Qd7 39. h5
Rc2 40. Qd5 Rcd2 41. Qc4 Rc2 42. Qd5 Red2 43. Qa5 Rd3 44. e5 Rxf2
45. exf6 Rdf3 46. Qe5 Rxf5 47. gxf5 Qxf5+ 48. Qxf5+ Rxf5 49. Bh4 gxf6 50.
Kg4 Rd5 51. Bxf6 Kg8 52. Rf1 {Game drawn by mutual agreement} 1/2-1/2

[Event "Iceland Championship"]
[Site "Hafnarfjordur, Iceland"]
[Date "2001.09.07"]
[Round "8"]
[White "Kristjansson, Stefan"]
[Black "Thorhallsson, Throstur"]
[Result "0-1"]
[ICCResult "White resigns"]
[WhiteElo "2380"]
[BlackElo "2456"]
[Time "12:48:36"]
[TimeControl "7200+0"]

1. e4 c5 2. Nf3 Nc6 3. d4 cxd4 4. Nxd4 Nf6 5. Nc3 d6 6. Bg5 e6 7. Qd2 a6 8.
O-O-O h6 9. Nxc6 bxc6 10. Bf4 d5 11. Qe3 Be7 12. Be2 Qa5 13. Qg3 Kf8 14. Be5
Ra7 15. f4 Rb7 16. Rhf1 Rg8 17. exd5 cxd5 18. f5 exf5 19. Qd3 Rd7 20. Rxf5
Rd8 21. Bxf6 gxf6 22. Rxd5 Rxd5 23. Nxd5 Bd8 24. Bf3 Qxa2 25. Qc3 Be6 26.
Nxf6 Qa1+ 27. Kd2 Qa5 28. Nxg8 Qg5+ 29. Ke1 Kxg8 30. Rxd8+ Qxd8 31. Qb4 Qc7
32. Qe4 a5 33. g3 Qb6 34. Be2 Qxb2 35. Bd3 Qc1+ 36. Ke2 Qg5 37. c4 a4 38.
Kd1 Qh5+ 39. Kc1 Qxh2 40. Qe5 Qg1+ 41. Kc2 Qb6 42. Qc3 Qc5 43. Kb2 h5 44.
Ka2 f6 45. Kb2 Kf7 46. Be2 Kg7 47. Qd3 Bf5 48. Qc3 Qf2 49. Qf3 Qb6+ 50. Kc3
Bg4 {White resigns} 0-1

[Event "Iceland Championship"]
[Site "Hafnarfjordur, Iceland"]
[Date "2001.09.07"]
[Round "8"]
[White "Thorfinnsson, Bjorn"]
[Black "Bjornsson, Sigurbjorn"]
[Result "0-1"]
[ICCResult "White resigns"]
[WhiteElo "2220"]
[BlackElo "2297"]
[Time "12:50:48"]
[TimeControl "7200+0"]

1. d4 Nf6 2. Bg5 e6 3. e3 c5 4. c3 cxd4 5. exd4 Be7 6. Nd2 b6 7. g3 Bb7 8.
Ngf3 d6 9. Bg2 Nbd7 10. O-O O-O 11. Re1 Rc8 12. Rc1 Re8 13. c4 Rc7 14. b4
Qa8 15. Nh4 Bxg2 16. Nxg2 h6 17. Bf4 Rcc8 18. Nb3 Bf8 19. a3 Qb7 20. Bd2 e5
21. Be3 Qa6 22. b5 Qxa3 23. Bd2 d5 24. c5 Qa4 25. c6 Nb8 26. dxe5 Ne4 27.
Be3 Qxb5 28. Nd4 Qb2 29. Qg4 Nc5 30. Nf5 Rxc6 31. Bd4 Qb4 32. Rb1 Qc4 33.
Nf4 Nd3 34. Nxd3 Qxd3 35. Rbd1 Qb3 36. Rb1 Qd3 37.
Rbd1 Qb3 38. Be3 Rg6 39. Qf4 Nc6 40. Bc1 Rxe5 41. Be3 Qb4 {White
resigns} 0-1